00591nam a22001937a 4500003001100000005001700011008004100028020001500069040003900084041000800123082001600131100002500147245005600172260003800228300001500266490005900281650002400340650003300364LK-CoMWRAF20230909092656.0230909b2001 |||||||| |||| 00| 0 eng d a9555820139 aLK-CoMWRAFdLK-CoMWRAFeLK-CoMWRAF aeng a361.61bGUN aGunatilleke, Godfrey aThe Ethnic dimensions of socio-economic development aColombo :bMarga Institute,c2001 aMarga 2001 aMarga Monograph Series on Ethnic Reconciliation No. 10 aSocial integration  aEthnic relations - Sri Lanka